[Event "4NCL Division 4 South"]
[Site "Reading, ENG"]
[Date "2017.05.01"]
[Round "11.11"]
[White "Ashworth, Michael"]
[Black "Willmoth, Robert F"]
[Result "1/2-1/2"]
[WhiteElo "2095"]
[BlackElo "2282"]
[PlyCount "105"]
[EventDate "2017.05.01"]
[WhiteTeam "Wood Green MM 2"]
[BlackTeam "Barnet Knights 1"]

1. Nf3 d6 2. d4 Bg4 3. c4 Bxf3 4. exf3 g6 5. Nc3 Bg7 6. Be3 c6 7. Qd2 a6 8. d5
cxd5 9. Nxd5 Nd7 10. Qb4 Ngf6 11. Nb6 Rb8 12. Be2 O-O 13. O-O Nxb6 14. Bxb6 Qc8
15. Rad1 Nd7 16. Ba7 Ra8 17. Be3 Qc7 18. b3 Nc5 19. Rfe1 Rfc8 20. Bf1 h5 21. g3
Rab8 22. Bh3 Rd8 23. Bg5 Re8 24. Qd2 b5 25. Rc1 b4 26. Qc2 a5 27. Re2 Ra8 28.
Rce1 e6 29. Rd1 a4 30. Bf4 axb3 31. axb3 Red8 32. Red2 Be5 33. Be3 Kg7 34. Bg2
Ra3 35. Rb1 Bc3 36. Re2 Rda8 37. h4 Ra1 38. Rxa1 Rxa1+ 39. Kh2 Ra3 40. Bxc5
dxc5 41. f4 Qd6 42. Re3 Qa6 43. Qd1 Ra1 44. Qd7 Re1 45. Rxe1 Bxe1 46. Qc6 Qa7
47. Kg1 Bc3 48. Bf3 Qa1+ 49. Kg2 Bd4 50. Be2 Qe1 51. Qf3 {(=)} Kh6 52. Bd3 Qd2
53. Qe2 1/2-1/2

[Event "4NCL Division 4 South"]
[Site "Reading, ENG"]
[Date "2017.05.01"]
[Round "11.12"]
[White "Villiers, Thomas"]
[Black "Guha, Chirag"]
[Result "1-0"]
[WhiteElo "2245"]
[BlackElo "1922"]
[PlyCount "51"]
[EventDate "2017.05.01"]
[WhiteTeam "Barnet Knights 1"]
[BlackTeam "Wood Green MM 2"]

1. e4 c6 2. Nc3 d5 3. Nf3 d4 4. Ne2 c5 5. Ng3 Nc6 6. Bc4 e5 7. d3 h6 8. O-O g6
9. Ne1 Nf6 10. f4 exf4 11. Bxf4 Bg7 12. e5 Nd5 13. Ne4 Nxf4 14. Nd6+ Ke7 15.
Nxf7 Qc7 16. Nxh8 Bxh8 17. Rxf4 Nxe5 18. Qe2 Be6 19. Bxe6 Kxe6 20. Nf3 g5 21.
Re4 Kd5 22. Rxe5+ Bxe5 23. Qe4+ Ke6 24. Re1 Kf6 25. Nxe5 Re8 26. Ng4+ 1-0

[Event "4NCL Division 4 South"]
[Site "Reading, ENG"]
[Date "2017.05.01"]
[Round "11.13"]
[White "Metcalfe, Charlie P"]
[Black "Brozel, Sacha"]
[Result "0-1"]
[WhiteElo "1750"]
[BlackElo "2132"]
[PlyCount "114"]
[EventDate "2017.05.01"]
[WhiteTeam "Wood Green MM 2"]
[BlackTeam "Barnet Knights 1"]

1. d4 e6 2. Nf3 Nf6 3. c4 Bb4+ 4. Bd2 c5 5. Bxb4 cxb4 6. g3 O-O 7. Bg2 d6 8.
O-O Qe7 9. a3 bxa3 10. Rxa3 Nc6 11. Nbd2 a5 12. e3 e5 13. d5 Nb4 14. e4 Nh5 15.
Ne1 Qg5 16. h3 b6 17. Nc2 Nxc2 18. Qxc2 Bd7 19. Nf3 Qe7 20. Qd2 Rfc8 21. Rc1
Nf6 22. Ne1 Ra7 23. Nd3 Rac7 24. b3 Be8 25. Nb2 Rc5 26. Nd3 R5c7 27. Nb2 g6 28.
b4 axb4 29. Qxb4 b5 30. Rcc3 bxc4 31. Rxc4 Rb7 32. Qc3 Rcb8 33. Nd3 Bb5 34.
Rc8+ Kg7 35. Rxb8 Rxb8 36. Rb3 {(=)} Rb7 37. Nb2 h5 38. Qd2 Qc7 39. Rc3 Qa5 40.
Rc2 Qa6 41. Kh2 Nd7 42. f4 Ra7 43. Nd1 Ba4 44. Ra2 Qb6 45. Nc3 Bb3 46. Rxa7
Qxa7 47. Nb5 Qc5 48. Bf1 f6 49. Kg2 Nb6 50. Bd3 Bc4 51. Qe2 Qxb5 52. Bxc4 Qxc4
53. Qf3 Qc2+ 54. Kh1 Nc4 55. g4 Qc1+ 56. Kh2 Qxf4+ 57. Qxf4 exf4 0-1

[Event "4NCL Division 4 South"]
[Site "Reading, ENG"]
[Date "2017.05.01"]
[Round "11.14"]
[White "Eden, Tomer"]
[Black "Lovell, William Pm"]
[Result "1-0"]
[WhiteElo "2177"]
[BlackElo "1817"]
[PlyCount "75"]
[EventDate "2017.05.01"]
[WhiteTeam "Barnet Knights 1"]
[BlackTeam "Wood Green MM 2"]

1. b3 d5 2. Bb2 c6 3. Nf3 Nd7 4. g3 Ngf6 5. Bg2 Qc7 6. O-O e5 7. d3 Be7 8. Nbd2
O-O 9. e4 d4 10. c3 c5 11. Rc1 Qb8 12. cxd4 cxd4 13. Rc2 Nb6 14. Qc1 Bg4 15.
Ba3 Bd6 16. h3 Bd7 17. Nh4 Nh5 18. Nf5 Bxa3 19. Qxa3 Bb5 20. Rfc1 Bxd3 21. Rc7
Ba6 22. Qe7 Qe8 23. Qg5 g6 24. Ne7+ Kg7 25. Qxe5+ Nf6 26. Qxd4 Rd8 27. Nd5
Nbxd5 28. exd5 Rd6 29. Ne4 Rb6 30. d6 Qe6 31. Re7 Qf5 32. Rc5 Qxc5 33. Nxc5 Rd8
34. Ne4 Rdxd6 35. Nxd6 Rxd6 36. Qxd6 Bb5 37. Qe5 Bd3 38. Bd5 1-0

[Event "4NCL Division 4 South"]
[Site "Reading, ENG"]
[Date "2017.05.01"]
[Round "11.15"]
[White "Desai, Nilomi"]
[Black "Pollack, Oscar"]
[Result "0-1"]
[WhiteElo "1705"]
[BlackElo "2042"]
[PlyCount "114"]
[EventDate "2017.05.01"]
[WhiteTeam "Wood Green MM 2"]
[BlackTeam "Barnet Knights 1"]

1. d4 Nf6 2. c4 g6 3. Nc3 Bg7 4. e4 d6 5. f3 O-O 6. Be3 Nc6 7. Qd2 e5 8. d5 Nd4
9. Nge2 c5 10. dxc6 bxc6 11. Nxd4 exd4 12. Bxd4 d5 13. cxd5 cxd5 14. Nxd5 Nxd5
15. Bxg7 Kxg7 16. Qxd5 Qb6 17. Qb3 Qd6 18. Rd1 Qe7 19. Bc4 Qh4+ 20. g3 Qh3 21.
Kf2 a5 22. Qc3+ Kg8 23. Bf1 Qh5 24. Rd5 Qh6 25. Rxa5 Be6 26. Rxa8 Rxa8 27. a3
Rc8 28. Qd3 Qc1 29. b4 Qb2+ 30. Kg1 Rc1 31. Qd8+ Kg7 32. e5 Qxe5 33. Qd2 Rb1
34. f4 Qa1 35. Qe2 Bh3 36. Kf2 Rb2 37. Bxh3 Rxe2+ 38. Kxe2 Qxh1 39. Bc8 Qxh2+
40. Kf3 Qb2 41. a4 Qc3+ 42. Ke4 Qxc8 43. Kd4 Qd7+ 44. Kc5 Qxa4 45. b5 Qa7+ 46.
b6 Qb7 47. Kb5 Kf6 48. g4 Ke6 49. g5 Kd5 50. Kb4 Qxb6+ 51. Kc3 Qd4+ 52. Kc2 Qe3
53. f5 Kc4 54. fxg6 fxg6 55. Kb2 Qe2+ 56. Kb1 Kb3 57. Kc1 Qe1# 0-1

[Event "4NCL Division 4 South"]
[Site "Reading, ENG"]
[Date "2017.05.01"]
[Round "11.16"]
[White "Karia, Rishul"]
[Black "Royal, Shreyas"]
[Result "1-0"]
[WhiteElo "1915"]
[BlackElo "1613"]
[PlyCount "111"]
[EventDate "2017.05.01"]
[WhiteTeam "Barnet Knights 1"]
[BlackTeam "Wood Green MM 2"]

1. e4 c5 2. Nc3 Nc6 3. Bc4 Nf6 4. d3 e6 5. Bg5 Be7 6. f4 h6 7. Bxf6 Bxf6 8. Qd2
a6 9. a4 O-O 10. Nf3 d5 11. e5 dxc4 12. exf6 Qxf6 13. dxc4 Rd8 14. Qe3 Nd4 15.
O-O-O b5 16. Nxd4 Rxd4 17. Ne4 Qf5 18. Rhe1 Rxc4 19. b3 Rd4 20. c3 Rxd1+ 21.
Rxd1 Kh7 22. Nd6 Qh5 23. Qe4+ f5 24. Qxa8 Bd7 25. Qf3 Qxh2 26. axb5 axb5 27.
Rf1 e5 28. Qh3 Qxh3 29. gxh3 exf4 30. Rxf4 Kg6 31. Kd2 Kg5 32. Ke3 Kf6 33. Ne4+
Ke5 34. Nxc5 Bc6 35. Nd3+ Ke6 36. Rf2 g5 37. Kd4 f4 38. Ne5 Bd5 39. b4 Bb3 40.
Nc6 Bc4 41. Na7 Kf5 42. Nc8 Ke6 43. Kc5 Bd3 44. Nd6 h5 45. Nxb5 Bf5 46. Nd4+
Ke5 47. Nxf5 Kxf5 48. b5 g4 49. Kd4 g3 50. Rf1 Kg5 51. b6 Kh4 52. b7 Kxh3 53.
b8=Q Kg2 54. Qxf4 h4 55. Qf3+ Kh3 56. Rh1# 1-0

[Event "4NCL Division 4 South"]
[Site "Reading, ENG"]
[Date "2017.05.01"]
[Round "11.21"]
[White "Lambourne, Dan M"]
[Black "Healey, Michael W"]
[Result "0-1"]
[WhiteElo "1989"]
[BlackElo "2163"]
[PlyCount "96"]
[EventDate "2017.05.01"]
[WhiteTeam "MK Phoenix 2"]
[BlackTeam "Oxford 2"]

1. d4 Nf6 2. Nf3 e6 3. c4 Nc6 4. Nc3 Bb4 5. Bd2 O-O 6. e3 d6 7. a3 Bxc3 8. Bxc3
Ne4 9. Qc2 f5 10. b4 Qf6 11. Bb2 Ne7 12. g3 b5 13. c5 Bb7 14. Bg2 Bd5 15. O-O
g5 16. Nd2 Nxd2 17. Qxd2 Qg6 18. Bxd5 Nxd5 19. cxd6 cxd6 20. f3 f4 21. e4 Ne3
22. Rf2 Nc4 23. Qe2 g4 24. Raf1 fxg3 25. hxg3 gxf3 26. Rxf3 Rxf3 27. Rxf3 Nxb2
28. Qxb2 Qxe4 29. Rf4 Qe3+ 30. Qf2 Qxf2+ 31. Kxf2 Rf8 32. Ke3 Rxf4 33. Kxf4 Kf7
34. Kg5 Kg7 35. g4 h6+ 36. Kh5 a6 37. g5 hxg5 38. Kxg5 d5 39. Kg4 Kg6 40. Kf4
Kf6 41. Ke3 e5 42. dxe5+ Kxe5 43. Kd3 d4 44. Kd2 Ke4 45. Ke2 d3+ 46. Kd2 Kd4
47. Kd1 Kc3 48. Kc1 Kb3 0-1

[Event "4NCL Division 4 South"]
[Site "Reading, ENG"]
[Date "2017.05.01"]
[Round "11.22"]
[White "Dickinson, Tim R"]
[Black "Valentine, Brian J"]
[Result "1-0"]
[WhiteElo "2072"]
[BlackElo "1943"]
[PlyCount "65"]
[EventDate "2017.05.01"]
[WhiteTeam "Oxford 2"]
[BlackTeam "MK Phoenix 2"]

1. e4 e5 2. Nf3 Nc6 3. Bb5 a6 4. Ba4 Nf6 5. O-O b5 6. Bb3 Bc5 7. c3 d6 8. d4
Bb6 9. Be3 O-O 10. Nbd2 Re8 11. d5 Bxe3 12. fxe3 Ne7 13. a4 Rb8 14. axb5 axb5
15. Qe1 Ng6 16. c4 Rf8 17. cxb5 Rxb5 18. Qb1 c5 19. Bc4 Rb4 20. b3 Ng4 21. Qd3
f5 22. h3 fxe4 23. Nxe4 Nf6 24. Ra8 Nxe4 25. Qxe4 Qd7 26. Ng5 Rxf1+ 27. Kxf1
Nf8 28. Ne6 Rb7 29. Ba6 Rb4 30. Qf3 Rf4 31. exf4 Bxa6+ 32. Rxa6 Qb5+ 33. Qe2
1-0

[Event "4NCL Division 4 South"]
[Site "Reading, ENG"]
[Date "2017.05.01"]
[Round "11.23"]
[White "Adebajo, Olufemi"]
[Black "Neatherway, A Philip"]
[Result "1-0"]
[WhiteElo "1918"]
[BlackElo "1858"]
[PlyCount "109"]
[EventDate "2017.05.01"]
[WhiteTeam "MK Phoenix 2"]
[BlackTeam "Oxford 2"]

1. e4 c5 2. Nf3 e6 3. g3 d5 4. e5 Nc6 5. Bg2 f6 6. exf6 Nxf6 7. O-O Bd6 8. Nc3
O-O 9. d4 a6 10. Bg5 h6 11. Be3 Ng4 12. Qd2 Nxe3 13. fxe3 Bd7 14. dxc5 Bxc5 15.
Nxd5 Rf5 16. Nf4 g5 17. Nd3 Bb6 18. Kh1 Qc7 19. e4 Rff8 20. Rad1 Rad8 21. e5
Bc8 22. Qe2 Qg7 23. c3 Bc7 24. Qe4 g4 25. Nd4 Nxe5 26. Nxe5 Rxf1+ 27. Rxf1 Bxe5
28. Nb3 Rf8 29. Re1 Rf5 30. Qc4 Rf8 31. Nc5 b5 32. Qe4 Rf5 33. Qc6 Qc7 34. Qe8+
Kg7 35. Nxe6+ Bxe6 36. Qxe6 Qf7 37. Qxa6 Qd7 38. Qa8 Qd2 39. Qe4 Kf6 40. Re2
Qc1+ 41. Re1 Qd2 42. Qe2 Qd7 43. Be4 Rg5 44. Rf1+ Kg7 45. Qf2 Qe7 46. Qg2 Bf6
47. Bf5 h5 48. Qd5 Qe2 49. Qd7+ Kf8 50. Bd3 Qe5 51. Bxb5 Qe4+ 52. Kg1 Qe3+ 53.
Rf2 Qe1+ 54. Bf1 Rg6 55. Re2 1-0

[Event "4NCL Division 4 South"]
[Site "Reading, ENG"]
[Date "2017.05.01"]
[Round "11.25"]
[White "Matthews, Adrian M S"]
[Black "Staples, Neil"]
[Result "0-1"]
[WhiteElo "1858"]
[BlackElo "1855"]
[PlyCount "84"]
[EventDate "2017.05.01"]
[WhiteTeam "MK Phoenix 2"]
[BlackTeam "Oxford 2"]

1. e4 d5 2. exd5 Qxd5 3. Nc3 Qd8 4. Nf3 Nf6 5. Bc4 c6 6. Ne5 e6 7. d3 Nbd7 8.
Nxd7 Bxd7 9. O-O Be7 10. Bf4 Nd5 11. Nxd5 cxd5 12. Bb3 O-O 13. Re1 Bf6 14. d4
Qb6 15. c3 a5 16. Qd2 Rfc8 17. Re3 a4 18. Bc2 Qd8 19. Rae1 b5 20. Rh3 g6 21.
Be5 Bxe5 22. dxe5 Qf8 23. Ree3 Rc4 24. Ref3 d4 25. cxd4 Qb4 26. Qxb4 Rxb4 27.
Rc3 Rxb2 28. Rc7 Rxa2 29. f4 Be8 30. Rhc3 Kg7 31. Be4 Rb8 32. Re7 b4 33. Rcc7
b3 34. Rb7 Rxb7 35. Rxb7 Rd2 36. Rb8 Rxd4 37. Bf3 Bd7 38. Kf1 Rc4 39. Ke2 Bc6
40. Bxc6 Rxc6 41. Rb4 Rc2+ 42. Kd1 Rxg2 0-1

[Event "4NCL Division 4 South"]
[Site "Reading, ENG"]
[Date "2017.05.01"]
[Round "11.26"]
[White "Tselos, Aristotelis"]
[Black "Whiteside, Robert"]
[Result "0-1"]
[WhiteElo "1757"]
[BlackElo "1824"]
[PlyCount "114"]
[EventDate "2017.05.01"]
[WhiteTeam "Oxford 2"]
[BlackTeam "MK Phoenix 2"]

1. e4 e6 2. d4 d5 3. Nd2 c5 4. c3 Nc6 5. Bb5 Bd7 6. Bxc6 Bxc6 7. e5 Ne7 8. Ne2
Nf5 9. Ng3 cxd4 10. Nxf5 dxc3 11. bxc3 exf5 12. Nf3 Bc5 13. Nd4 Qd7 14. O-O O-O
15. Qf3 Bxd4 16. cxd4 f6 17. Ba3 Rf7 18. Rfe1 Re8 19. Qe2 fxe5 20. dxe5 Qe6 21.
Qe3 f4 22. Qh3 Qxh3 23. gxh3 Rf5 24. h4 Rfxe5 25. Rxe5 Rxe5 26. Bd6 Rf5 27. f3
Rh5 28. Bxf4 Rxh4 29. Bg3 Rc4 30. Rd1 Rc3 31. f4 Rc2 32. a3 Rc3 33. Ra1 d4 34.
Bf2 d3 35. Bd4 Rc2 36. Rd1 Rg2+ 37. Kf1 Rxh2 38. Bxa7 Ra2 39. Be3 Rxa3 40. Kf2
Be4 41. Rd2 Kf7 42. Rb2 Kg6 43. Kg1 b5 44. Rxb5 Ra2 45. Rb6+ Kh5 46. Re6 Bf5
47. Re5 g6 48. Rd5 Kg4 49. Bf2 d2 50. Kf1 Kf3 51. Kg1 Ra1+ 52. Kh2 d1=Q 53.
Rxd1 Rxd1 54. Bg1 Rd2+ 55. Bf2 Rxf2+ 56. Kh1 Ra2 57. Kg1 h5 0-1

[Event "4NCL Division 4 South"]
[Site "Reading, ENG"]
[Date "2017.05.01"]
[Round "11.31"]
[White "Martin, Lewis"]
[Black "Burnett, Leon P"]
[Result "1-0"]
[WhiteElo "2062"]
[BlackElo "2005"]
[PlyCount "97"]
[EventDate "2017.05.01"]
[WhiteTeam "Brown Jack 2"]
[BlackTeam "Anglian Avengers 3"]

1. d4 Nf6 2. c4 e6 3. Nf3 Bb4+ 4. Bd2 Bxd2+ 5. Nbxd2 d6 6. e3 Nc6 7. Bd3 Qe7 8.
O-O O-O 9. a3 e5 10. Qc2 Re8 11. d5 Nb8 12. Ng5 h6 13. Nge4 Nxe4 14. Bxe4 Nd7
15. f4 exf4 16. exf4 Nc5 17. Bh7+ Kf8 18. b4 Nd7 19. Bd3 Qe3+ 20. Kh1 Nf6 21.
Rf3 Qe7 22. h3 Bd7 23. g4 c6 24. g5 Ng8 25. Rg1 cxd5 26. cxd5 Rac8 27. Qb1 hxg5
28. fxg5 Qe5 29. Bg6 Re7 30. Qe4 Be8 31. Bf5 Qb2 32. Qf4 Rc1 33. Be6 Rxg1+ 34.
Kxg1 Qe5 35. Nc4 Qxf4 36. Rxf4 Rc7 37. Nxd6 Ke7 38. Nxf7 Rc1+ 39. Kf2 Rc2+ 40.
Ke3 Bb5 41. Nh8 Re2+ 42. Kf3 Rxe6 43. Rf7+ Kd6 44. dxe6 Ne7 45. Rxg7 Kxe6 46.
Rf7 Bc6+ 47. Kf2 Be8 48. Rf6+ Kd7 49. g6 1-0

[Event "4NCL Division 4 South"]
[Site "Reading, ENG"]
[Date "2017.05.01"]
[Round "11.32"]
[White "Cocks, Elliot"]
[Black "Headlong, Timothy"]
[Result "0-1"]
[WhiteElo "1990"]
[BlackElo "2072"]
[PlyCount "98"]
[EventDate "2017.05.01"]
[WhiteTeam "Anglian Avengers 3"]
[BlackTeam "Brown Jack 2"]

1. Nf3 d5 2. c4 e6 3. d4 Nf6 4. g3 Be7 5. Bg2 O-O 6. O-O Nbd7 7. Qc2 c6 8. Nbd2
b6 9. e4 Bb7 10. e5 Ne8 11. Re1 Rc8 12. b3 c5 13. Qd1 dxc4 14. Nxc4 b5 15. Na3
a6 16. Bb2 Nc7 17. Rc1 Nd5 18. dxc5 Bxc5 19. Nc2 Qb6 20. Ncd4 Rfd8 21. Qe2 h6
22. Red1 {(=)} b4 23. h4 Nb8 24. Qd3 Nd7 25. Qe2 Rc7 26. Rc2 Rdc8 27. Kh2 a5
28. Rdc1 Ba6 29. Qe4 Bf8 30. Rxc7 Rxc7 31. Rxc7 Qxc7 32. Bh3 Nc5 33. Qc2 Nd3
34. Qe2 Nc5 35. Qc2 {(=)} Nd3 36. Qe2 Nc3 37. Bxc3 Qxc3 38. Bf1 Nc5 39. Qd1 Qb2
40. Bxa6 Qxf2+ 41. Kh3 Nxa6 42. Nc6 Nc5 43. Nh2 Qf5+ 44. Qg4 Qc2 45. Nxa5 Ne4
46. Qf3 Nf2+ 47. Kg2 Ng4+ 48. Kh3 Nxh2 49. Qh1 Ng4 0-1

[Event "4NCL Division 4 South"]
[Site "Reading, ENG"]
[Date "2017.05.01"]
[Round "11.33"]
[White "Bourne, Johnathan D"]
[Black "Lunn, Timothy"]
[Result "1/2-1/2"]
[WhiteElo "1955"]
[BlackElo "1937"]
[PlyCount "42"]
[EventDate "2017.05.01"]
[WhiteTeam "Brown Jack 2"]
[BlackTeam "Anglian Avengers 3"]

1. e4 c5 2. Nc3 Nc6 3. Bb5 Nd4 4. Bc4 a6 5. d3 b5 6. Bb3 e6 7. Nge2 Nxb3 8.
axb3 Bb7 9. O-O Nf6 10. Bg5 Be7 11. f4 h6 12. Bxf6 Bxf6 13. Ng3 Bd4+ 14. Kh1 h5
15. Nge2 Bf6 16. Qe1 Qc7 17. Ng1 Be7 18. Nh3 f6 19. Qe3 O-O-O 20. Ne2 Qc6 21.
c4 b4 1/2-1/2

[Event "4NCL Division 4 South"]
[Site "Reading, ENG"]
[Date "2017.05.01"]
[Round "11.34"]
[White "Hall, Antony C"]
[Black "Parker, Francis"]
[Result "1/2-1/2"]
[WhiteElo "1900"]
[BlackElo "1982"]
[PlyCount "45"]
[EventDate "2017.05.01"]
[WhiteTeam "Anglian Avengers 3"]
[BlackTeam "Brown Jack 2"]

1. e4 e5 2. Nf3 Nc6 3. d4 exd4 4. Bc4 Nf6 5. O-O Nxe4 6. Re1 d5 7. Bxd5 Qxd5 8.
Nc3 Qh5 9. Nxe4 Be6 10. Bg5 h6 11. Bf6 Be7 12. Bxe7 Kxe7 13. Nxd4 Qxd1 14.
Nxc6+ bxc6 15. Raxd1 Rhd8 16. Rxd8 Rxd8 17. Nc5 Rd2 18. Nxe6 fxe6 19. Rc1 e5
20. Kf1 e4 21. Re1 Rxc2 22. Rxe4+ Kd6 23. Re2 1/2-1/2

[Event "4NCL Division 4 South"]
[Site "Reading, ENG"]
[Date "2017.05.01"]
[Round "11.35"]
[White "O'Byrne, Daniel"]
[Black "Sheerin, Alex"]
[Result "0-1"]
[WhiteElo "1742"]
[BlackElo "1855"]
[PlyCount "50"]
[EventDate "2017.05.01"]
[WhiteTeam "Brown Jack 2"]
[BlackTeam "Anglian Avengers 3"]

1. d4 Nf6 2. Nf3 g6 3. e3 Bg7 4. Bd3 O-O 5. b3 d6 6. Bb2 Nc6 7. a3 Nd7 8. e4 e5
9. c3 Kh8 10. Qc2 Ne7 11. O-O f5 12. c4 f4 13. dxe5 dxe5 14. Rd1 Nc6 15. b4 Qf6
16. Nc3 Ne7 17. Bf1 g5 18. Nd5 Nxd5 19. Rxd5 c6 20. Bxe5 Nxe5 21. Rxe5 g4 22.
Rh5 Qxa1 23. e5 Bf5 24. Rxf5 Rxf5 25. Qxf5 gxf3 0-1

[Event "4NCL Division 4 South"]
[Site "Reading, ENG"]
[Date "2017.05.01"]
[Round "11.36"]
[White "Woodcock, Keith D"]
[Black "Headlong, Benjamin"]
[Result "1-0"]
[WhiteElo "1690"]
[BlackElo "1787"]
[PlyCount "41"]
[EventDate "2017.05.01"]
[WhiteTeam "Anglian Avengers 3"]
[BlackTeam "Brown Jack 2"]

1. d4 Nf6 2. Nc3 d5 3. Bg5 Nbd7 4. f3 c6 5. e4 dxe4 6. fxe4 e5 7. Nf3 Qa5 8.
Bxf6 gxf6 9. Bc4 Nb6 10. Bb3 Bg4 11. dxe5 Rd8 12. Bxf7+ Kxf7 13. Qxd8 Bg7 14.
Qc7+ Kg6 15. Nh4+ Kh6 16. O-O Qc5+ 17. Kh1 fxe5 18. Nf5+ Bxf5 19. Rxf5 Rf8 20.
Raf1 Rxf5 21. Rxf5 1-0

[Event "4NCL Division 4 South"]
[Site "Reading, ENG"]
[Date "2017.05.01"]
[Round "11.41"]
[White "Stayt, James N"]
[Black "Taylor, William J"]
[Result "1/2-1/2"]
[WhiteElo "1954"]
[BlackElo "2065"]
[PlyCount "65"]
[EventDate "2017.05.01"]
[WhiteTeam "CSC Rhinos (2)"]
[BlackTeam "West is Best 2"]

1. e4 e5 2. Nf3 Nc6 3. Bb5 a6 4. Ba4 Nf6 5. d4 exd4 6. O-O Be7 7. e5 Ne4 8.
Nxd4 O-O 9. Nf5 Nc5 10. Qg4 g6 11. Bxc6 dxc6 12. Nxe7+ Qxe7 13. Qg3 Bf5 14. Bg5
Qe6 15. Nc3 Bxc2 16. Rac1 Bf5 17. Rcd1 Rfc8 18. Rfe1 Qe8 19. Qe3 Ne6 20. Bf6
Qf8 21. h3 Ng7 22. g4 Be6 23. Qg5 Ne8 24. Be7 Qg7 25. a3 h6 26. Qf4 g5 27. Qg3
Qg6 28. Ne4 b6 29. Kh2 c5 30. Rd2 c6 31. Nf6+ Nxf6 32. Bxf6 Bd5 33. Qe3 1/2-1/2

[Event "4NCL Division 4 South"]
[Site "Reading, ENG"]
[Date "2017.05.01"]
[Round "11.42"]
[White "Spencer, Douglas"]
[Black "Fowler, David"]
[Result "1/2-1/2"]
[WhiteElo "2022"]
[BlackElo "1897"]
[PlyCount "63"]
[EventDate "2017.05.01"]
[WhiteTeam "West is Best 2"]
[BlackTeam "CSC Rhinos (2)"]

1. d4 d5 2. c4 e6 3. Nc3 c6 4. Nf3 Nf6 5. Bg5 h6 6. Bh4 dxc4 7. e4 g5 8. Bg3 b5
9. a3 Bb7 10. Be2 Nbd7 11. h4 g4 12. Ne5 h5 13. O-O Nxe5 14. Bxe5 Rg8 15. g3
Nd7 16. Bf4 Be7 17. Re1 Qb6 18. a4 a6 19. a5 Qa7 20. Bc7 Rc8 21. Bf4 Ba8 22.
Bf1 Qb7 23. Bg2 b4 24. Na4 Qb5 25. Qe2 c5 26. d5 e5 27. Be3 Bd8 28. Bf1 Bxa5
29. Qxc4 b3 30. Rec1 Qxc4 31. Bxc4 Rg6 32. Nxc5 1/2-1/2

[Event "4NCL Division 4 South"]
[Site "Reading, ENG"]
[Date "2017.05.01"]
[Round "11.43"]
[White "Lees, Fraser A"]
[Black "Davies, Matthew"]
[Result "1/2-1/2"]
[WhiteElo "1860"]
[BlackElo "1958"]
[PlyCount "94"]
[EventDate "2017.05.01"]
[WhiteTeam "CSC Rhinos (2)"]
[BlackTeam "West is Best 2"]

1. d4 d5 2. Bf4 Nf6 3. e3 e6 4. Nd2 Bd6 5. Ngf3 b6 6. c3 O-O 7. Bg3 Bb7 8. Qc2
c5 9. Be2 Nc6 10. Ne5 Qc7 11. Nxc6 Qxc6 12. f4 Ne4 13. Nxe4 dxe4 14. O-O cxd4
15. exd4 f5 16. Qb3 Bc7 17. Bb5 Qd6 18. Rae1 Bd5 19. c4 Bc6 20. Bxc6 Qxc6 21.
d5 Qd6 22. Rd1 Rfe8 23. Rfe1 {(=)} Bd8 24. Qb5 Bf6 25. b3 g6 26. b4 exd5 27.
Rxd5 Qe6 28. Bf2 Rad8 29. Be3 Rxd5 30. cxd5 Qf7 31. Qc6 Rd8 32. Rd1 Kg7 33. Kf2
Qd7 34. b5 Qd6 35. g3 Kf7 36. h3 Rd7 37. a4 Ke7 38. a5 Rc7 39. Qxd6+ Kxd6 40.
axb6 axb6 41. Rd2 Bc3 42. Rd1 Bb4 43. Kf1 Bc5 44. Bc1 Ra7 45. Bb2 Ra2 46. Rd2
Kd7 47. Re2 Ra5 1/2-1/2

[Event "4NCL Division 4 South"]
[Site "Reading, ENG"]
[Date "2017.05.01"]
[Round "11.44"]
[White "Gregory, Andrew M"]
[Black "Cooke, Charlie"]
[Result "1-0"]
[WhiteElo "1940"]
[BlackElo "1816"]
[PlyCount "68"]
[EventDate "2017.05.01"]
[WhiteTeam "West is Best 2"]
[BlackTeam "CSC Rhinos (2)"]

1. d4 d5 2. Nf3 Nf6 3. e3 e6 4. Be2 c5 5. O-O Nc6 6. Ne5 Be7 7. Bb5 Qb6 8.
Bxc6+ bxc6 9. c3 Nd7 10. Qg4 O-O 11. Nxd7 Bxd7 12. Nd2 cxd4 13. exd4 c5 14.
dxc5 Qxc5 15. Nb3 Qb6 16. Be3 Qd8 17. Rad1 Bb5 18. Rfe1 Bf6 19. Nd4 Ba6 20. h3
Qc7 21. Nxe6 fxe6 22. Qxe6+ Qf7 23. Qxa6 Rfd8 24. Rd2 Rd7 25. Bd4 Bg5 26. Rde2
Rad8 27. Qe6 Bf4 28. g3 Bb8 29. Qg4 a6 30. Re6 Bd6 31. Qe2 a5 32. Re8+ Bf8 33.
Bc5 Rxe8 34. Qxe8 Qf5 1-0

[Event "4NCL Division 4 South"]
[Site "Reading, ENG"]
[Date "2017.05.01"]
[Round "11.45"]
[White "Towers, Nigel S"]
[Black "Melsom, Jonathan T"]
[Result "1/2-1/2"]
[WhiteElo "1800"]
[BlackElo "1698"]
[PlyCount "109"]
[EventDate "2017.05.01"]
[WhiteTeam "CSC Rhinos (2)"]
[BlackTeam "West is Best 2"]

1. e4 e6 2. d4 d5 3. Nd2 Nf6 4. e5 Nfd7 5. Bd3 c5 6. c3 b6 7. Ne2 Ba6 8. Nf3
Be7 9. O-O O-O 10. Be3 Bxd3 11. Qxd3 c4 12. Qd2 Na6 13. Bg5 Nc7 14. Bxe7 Qxe7
15. Ng3 b5 16. Ng5 h6 17. Nh3 a5 18. f4 f5 19. exf6 Nxf6 20. Rae1 Qd6 21. f5
Rae8 22. fxe6 Nxe6 23. Qc2 Qd7 {(=)} 24. Qg6 Qf7 25. Qxf7+ Rxf7 26. Re5 Rd7 27.
Rfe1 Kf7 28. Rf1 Kg8 29. Rff5 Kf7 30. Nh5 Red8 31. N3f4 Nxf4 32. Rxf4 Rd6 33.
Ref5 Re8 34. Nxf6 Rxf6 35. Rxf6+ gxf6 36. Kf2 b4 37. Rf5 Rd8 38. Ke3 Rd6 39.
Kd2 Kg6 40. g4 Rd7 41. h3 Rd8 {(=)} 42. Kc2 Kf7 43. Rh5 Kg6 44. cxb4 axb4 45.
a3 bxa3 46. bxa3 Ra8 47. Rxd5 Rxa3 48. Rc5 Rxh3 49. Rxc4 Kf7 50. d5 Ke7 51.
Re4+ Kd6 52. Re6+ Kxd5 53. Rxf6 Ke4 54. Kd2 Rg3 55. Rxh6 1/2-1/2

[Event "4NCL Division 4 South"]
[Site "Reading, ENG"]
[Date "2017.05.01"]
[Round "11.46"]
[White "Eckert, Jonathan"]
[Black "Cresswell, Mike J"]
[Result "1/2-1/2"]
[WhiteElo "1594"]
[BlackElo "1701"]
[PlyCount "27"]
[EventDate "2017.05.01"]
[WhiteTeam "West is Best 2"]
[BlackTeam "CSC Rhinos (2)"]

1. e4 Nf6 2. Nc3 d5 3. e5 d4 4. exf6 dxc3 5. Nf3 cxd2+ 6. Bxd2 exf6 7. Bc4 Bd6
8. Qe2+ Qe7 9. Qxe7+ Bxe7 10. O-O-O O-O 11. Bf4 Be6 12. Bxe6 fxe6 13. Bxc7 Rc8
14. Bxb8 1/2-1/2

[Event "4NCL Division 4 South"]
[Site "Reading, ENG"]
[Date "2017.05.01"]
[Round "11.51"]
[White "Davis, Lee"]
[Black "Pink, Joshua"]
[Result "1/2-1/2"]
[WhiteElo "2030"]
[BlackElo "2005"]
[PlyCount "41"]
[EventDate "2017.05.01"]
[WhiteTeam "The Full Ponty"]
[BlackTeam "Throw in the Tal 1"]

1. d4 d5 2. g3 Nf6 3. Bg2 g6 4. Nf3 Bg7 5. O-O O-O 6. c4 c6 7. cxd5 cxd5 8. Ne5
Nbd7 9. Nc3 e6 10. Nxd7 Bxd7 11. Qb3 Qb6 12. Qxb6 axb6 13. Bf4 Ne4 14. Nxe4
dxe4 15. e3 Bc6 16. a3 Rfc8 17. Rfc1 Bd5 18. Bd6 Rc6 19. Rxc6 bxc6 20. h4 Ra7
21. Rc1 1/2-1/2

[Event "4NCL Division 4 South"]
[Site "Reading, ENG"]
[Date "2017.05.01"]
[Round "11.52"]
[White "Nwachukwu, Chino"]
[Black "Davies, Peter"]
[Result "0-1"]
[WhiteElo "2027"]
[BlackElo "2021"]
[PlyCount "64"]
[EventDate "2017.05.01"]
[WhiteTeam "Throw in the Tal 1"]
[BlackTeam "The Full Ponty"]

1. e4 e5 2. Nf3 Nc6 3. Bb5 a6 4. Ba4 Nf6 5. O-O Nxe4 6. d4 b5 7. Bb3 d5 8. dxe5
Be6 9. a4 b4 10. a5 Nc5 11. c3 Be7 12. cxb4 Nxb4 13. Bd2 Rb8 14. Nd4 Qd7 15.
Ba4 Nxa4 16. Qxa4 Qxa4 17. Rxa4 Bd7 18. Ra3 c5 19. e6 cxd4 20. exd7+ Kxd7 21.
Bf4 Bd6 22. Rf3 f6 23. Rd1 Bxf4 24. Rxf4 Nc6 25. Nd2 Rxb2 26. Nf3 Rhb8 27. Nxd4
Rb1 28. Rf1 R8b4 29. Nxc6 Rxf1+ 30. Kxf1 Rxf4 31. Nb8+ Kc8 32. Nxa6 Rc4 0-1